|
|
|
|
| LEADER |
02062nam a2200445 i 4500 |
| 001 |
EBC1593412 |
| 003 |
MiAaPQ |
| 005 |
20200520144314.0 |
| 006 |
m o d | |
| 007 |
cr cnu|||||||| |
| 008 |
140115s2013 enkad ob 000 0 eng|d |
| 020 |
|
|
|z 9781848554887
|
| 020 |
|
|
|a 9781848554894
|q (electronic bk.)
|
| 035 |
|
|
|a (MiAaPQ)EBC1593412
|
| 035 |
|
|
|a (Au-PeEL)EBL1593412
|
| 035 |
|
|
|a (CaPaEBR)ebr10825584
|
| 035 |
|
|
|a (CaONFJC)MIL560364
|
| 035 |
|
|
|a (OCoLC)867818171
|
| 040 |
|
|
|a MiAaPQ
|b eng
|e rda
|e pn
|c MiAaPQ
|d MiAaPQ
|
| 050 |
|
4 |
|a HD58.8
|b .O74 2013
|
| 245 |
0 |
0 |
|a Organizational generativity :
|b the appreciative inquiry summit and a scholarship of transformation /
|c edited by David L. Cooperrider, Case Western Reserve University, USA [and four others].
|
| 250 |
|
|
|a First edition.
|
| 264 |
|
1 |
|a Bingley, United Kingdom :
|b Emerald,
|c 2013.
|
| 300 |
|
|
|a 1 online resource (503 pages) :
|b illustrations (some color).
|
| 336 |
|
|
|a text
|2 rdacontent
|
| 337 |
|
|
|a computer
|2 rdamedia
|
| 338 |
|
|
|a online resource
|2 rdacarrier
|
| 490 |
1 |
|
|a Advances in appreciative inquiry,
|x 1475-9152 ;
|v volume 4
|
| 504 |
|
|
|a Includes bibliographical references.
|
| 505 |
0 |
|
|a part 1. Generative knowledge, generative action -- part 2. The appreciative inquiry summit and the generative power of whole system configurations -- part 3. Nurturing the future through generative dynamics.
|
| 588 |
|
|
|a Description based on online resource; title from PDF title page (ebrary, viewed January 15, 2014).
|
| 590 |
|
|
|a Electronic reproduction. Ann Arbor, MI : ProQuest, 2015. Available via World Wide Web. Access may be limited to ProQuest affiliated libraries.
|
| 650 |
|
0 |
|a Organizational change
|x Management.
|
| 650 |
|
0 |
|a Organizational effectiveness.
|
| 650 |
|
0 |
|a Appreciative inquiry.
|
| 655 |
|
4 |
|a Electronic books.
|
| 700 |
1 |
|
|a Cooperrider, David L.
|
| 797 |
2 |
|
|a ProQuest (Firm)
|
| 830 |
|
0 |
|a Advances in appreciative inquiry ;
|v v. 4.
|
| 856 |
4 |
0 |
|u https://ebookcentral.proquest.com/lib/matrademy/detail.action?docID=1593412
|z Click to View
|